[Event "Relampago R-030 corr"]
[Site "CXV corr"]
[Date "2001.07.03"]
[Round "?"]
[White "Oliveira Pinto, Oswaldo"]
[Black "Rodrigues Filho, Humberto Eustaquio"]
[Result "1-0"]
[WhiteElo "1558"]
[BlackElo "1486"]
[PlyCount "33"]
[EventDate "2001.??.??"]
[EventType "tourn (corr)"]
[EventRounds "6"]
[EventCountry "BRA"]
[SourceTitle "Corr 2004"]
[Source "ChessBase"]
[SourceDate "2003.04.28"]
[SourceVersion "3"]
[SourceVersionDate "2003.04.28"]
[SourceQuality "1"]

1. e4 c5 2. Nf3 d6 3. d4 cxd4 4. Nxd4 Nf6 5. Nc3 a6 6. Bg5 e5 7. Nf3 Nc6 8. Bxf6 Qxf6 9. Nd5 Qd8 10. h3 Be6 11. Qd2 f5 12. exf5 Bxf5 13. Bd3 e4 14. Qe3 Qa5+ 15. Nc3 d5 16. Be2 Bb4 17. Nd4 1-0